Design of reinforced concrete structures (Record no. 547116)
[ view plain ]
| 000 -LEADER | |
|---|---|
| fixed length control field | 00879cam a22002291 4500 |
| 082 00 - DEWEY DECIMAL CLASSIFICATION NUMBER | |
| Classification number | 624.18341 |
| Author Mark | VAZ |
| -- | L-38, P-86 |
| 100 1# - MAIN ENTRY--PERSONAL NAME | |
| Personal name | Vazirani V.N |
| 9 (RLIN) | 23345 |
| 110 ## - MAIN ENTRY--CORPORATE NAME | |
| Corporate name or jurisdiction name as entry element | khanna publishers |
| 9 (RLIN) | 43294 |
| 245 10 - TITLE STATEMENT | |
| Title | Design of reinforced concrete structures |
| Statement of responsibility, etc. | [by] V. I. Murashev, E. Y. Sigalov [and] V. N. Baikov. Translated from the Russian by G. Leib. Translation editor H. C. Creighton. |
| 250 ## - EDITION STATEMENT | |
| Edition statement | 16th ed. |
| 260 ## - PUBLICATION, DISTRIBUTION, ETC. | |
| Place of publication, distribution, etc. | New Delhi, |
| Name of publisher, distributor, etc. | Mir Publishers, |
| Date of publication, distribution, etc. | 2009. |
| 300 ## - PHYSICAL DESCRIPTION | |
| Extent | 1135 p. |
| Other physical details | illus. |
| Dimensions | 30 cm. |
| 500 ## - GENERAL NOTE | |
| General note | Revised from the 1962 Russian ed. |
| 500 ## - GENERAL NOTE | |
| General note | Translation of Zhelezobetonnye konstrukt͡s︡ii. |
| 526 ## - STUDY PROGRAM INFORMATION NOTE | |
| Program name | 0 |
| Interest level | 0 |
| Reading level | 0 |
| Title point value | 624_183410000000000_VAZ |
| 650 #0 - SUBJECT ADDED ENTRY--TOPICAL TERM | |
| Topical term or geographic name entry element | MCE |
| 9 (RLIN) | 379 |
| 650 #0 - SUBJECT ADDED ENTRY--TOPICAL TERM | |
| Topical term or geographic name entry element | Precast concrete construction. |
| 9 (RLIN) | 21295 |
| 650 #0 - SUBJECT ADDED ENTRY--TOPICAL TERM | |
| Topical term or geographic name entry element | Reinforced concrete construction. |
| 700 1# - ADDED ENTRY--PERSONAL NAME | |
| Personal name | Baĭkov, V. N., |
| 9 (RLIN) | 43238 |
| 700 1# - ADDED ENTRY--PERSONAL NAME | |
| Personal name | Sigalov, Ė. E., |
| 9 (RLIN) | 43239 |
| 942 ## - ADDED ENTRY ELEMENTS (KOHA) | |
| Source of classification or shelving scheme | |
| Koha item type | Book |
| Withdrawn status | Lost status | Source of classification or shelving scheme | Damaged status | Not for loan | Permanent Location | Current Location | Date acquired | Total Checkouts | Total Renewals | Full call number | Barcode | Date last seen | Date last checked out | Price effective from | Koha item type |
|---|---|---|---|---|---|---|---|---|---|---|---|---|---|---|---|
| Military College of Engineering (MCE) | Military College of Engineering (MCE) | 07/02/2014 | 1 | 2 | 624.18341 VAZ | MCE-39276 | 07/04/2014 | 07/04/2014 | 07/02/2014 | Book |
